[Event "Titled Tuesday intern op 13th Feb Early"]
[Site "Chess.com INT"]
[Date "2024.02.13"]
[Round "11"]
[White "Bilciu, Claudia"]
[Black "Hoffmann, Asa"]
[Result "1/2-1/2"]
[WhiteElo "2077"]
[BlackElo "2185"]
[PlyCount "107"]
[EventDate "2024.02.13"]
[EventType "swiss (blitz)"]
[EventRounds "11"]
[EventCountry "USA"]
[SourceTitle "CBM 218 Extra"]
[Source "ChessBase"]
[SourceDate "2024.03.31"]
[SourceVersion "1"]
[SourceVersionDate "2024.03.31"]
[SourceQuality "1"]

1. d4 Nf6 2. Bf4 c5 3. e3 b6 4. Nf3 Bb7 5. c3 d6 6. Nbd2 Nbd7 7. h3 g6 8. Bd3 Bg7 9. 0-0 0-0 10. e4 Re8 11. e5 Nd5 12. Bh2 dxe5 13. dxe5 e6 14. Ne4 Bc6 15. Nd6 Rf8 16. Qe2 Qc7 17. Rad1 Rad8 18. c4 Nb4 19. Be4 Nxa2 20. Bxc6 Qxc6 21. Ra1 Nb4 22. Rxa7 Ra8 23. Rfa1 Rxa7 24. Rxa7 Ra8 25. Rxa8+ Qxa8 26. Bf4 h6 27. Qd2 Kh7 28. Nxf7 Qe4 29. Bxh6 Qd3 30. Qf4 Qf5 31. Qh4 Kg8 32. Bxg7 Kxg7 33. N7g5 Nf8 34. Qg4 Nd3 35. Qxf5 gxf5 36. b3 Nc1 37. Nd2 Kg6 38. Ngf3 Nd7 39. Nh4+ Kf7 40. f4 Nd3 41. g3 Nb8 42. Nhf3 Nc6 43. Kf1 Na5 44. Ne1 Nc1 45. Kf2 Ncxb3 46. Nxb3 Nxb3 47. Ke3 Na5 48. Kd3 Nc6 49. Nf3 Ke7 50. Kc3 Kf7 51. Ng5+ Ke7 52. Nf3 Kf7 53. Ng5+ Ke7 54. Nf3 1/2-1/2

[Event "Titled Tuesday intern op 13th Feb Early"]
[Site "Chess.com INT"]
[Date "2024.02.13"]
[Round "1"]
[White "Bilciu, Claudia"]
[Black "Sahib, Singh"]
[Result "1-0"]
[WhiteElo "2077"]
[BlackElo "2290"]
[PlyCount "163"]
[EventDate "2024.02.13"]
[EventType "swiss (blitz)"]
[EventRounds "11"]
[EventCountry "USA"]
[SourceTitle "CBM 218 Extra"]
[Source "ChessBase"]
[SourceDate "2024.03.31"]
[SourceVersion "1"]
[SourceVersionDate "2024.03.31"]
[SourceQuality "1"]

1. d4 d5 2. Bf4 Nf6 3. e3 c5 4. c3 e6 5. Nd2 Nc6 6. Ngf3 cxd4 7. exd4 Nh5 8. Be3 Bd6 9. Ne5 g6 10. Nd3 Ng7 11. g3 f6 12. Bg2 0-0 13. 0-0 Nf5 14. Bf4 Be7 15. b4 g5 16. Be3 Nxe3 17. fxe3 a6 18. e4 dxe4 19. Nxe4 Kh8 20. Qe2 Re8 21. Nec5 Kg7 22. Rae1 Bd6 23. Qf2 e5 24. Ne4 Be7 25. dxe5 f5 26. Nec5 b6 27. Bxc6 bxc5 28. Nxc5 Ra7 29. Ne6+ Bxe6 30. Qxa7 Rf8 31. Qd4 Qc7 32. Bg2 Rd8 33. Qe3 Rc8 34. Rc1 Qc4 35. a3 Qb3 36. Qa7 Kf7 37. Bh3 Rxc3 38. Rxc3 Qxc3 39. Bxf5 Bxf5 40. Rxf5+ Ke6 41. Rf1 Qd3 42. Qb6+ Kd7 43. Qb7+ Ke6 44. Qc8+ Kxe5 45. Qc7+ Bd6 46. Qf7 Qe3+ 47. Qf2 Qd3 48. Re1+ Kd5 49. Qe2 Qd4+ 50. Qe3 Qg4 51. Qd3+ Kc6 52. Rc1+ Kd7 53. Rd1 Qe6 54. Kf2 Kc7 55. Qxd6+ Qxd6 56. Rxd6 Kxd6 57. Ke3 Kd5 58. Kd3 h5 59. a4 Ke5 60. b5 axb5 61. axb5 Kd5 62. Ke3 Kc5 63. Ke4 Kxb5 64. Kf5 g4 65. Kg5 Kc4 66. Kxh5 Kd3 67. Kxg4 Ke2 68. h4 Kf2 69. h5 Ke3 70. h6 Kd4 71. h7 Kd5 72. h8Q Ke6 73. Qg7 Kd6 74. Qf7 Kc6 75. Qe7 Kd5 76. Qf6 Ke4 77. Qd6 Ke3 78. Qd5 Kf2 79. Qd3 Kg1 80. Qe2 Kh1 81. Kh3 Kg1 82. Qg2# 1-0

[Event "Titled Tuesday intern op 13th Feb Early"]
[Site "Chess.com INT"]
[Date "2024.02.13"]
[Round "2"]
[White "Garcia Ramos, Daniel"]
[Black "Bilciu, Claudia"]
[Result "1-0"]
[WhiteElo "2442"]
[BlackElo "2077"]
[PlyCount "73"]
[EventDate "2024.02.13"]
[EventType "swiss (blitz)"]
[EventRounds "11"]
[EventCountry "USA"]
[SourceTitle "CBM 218 Extra"]
[Source "ChessBase"]
[SourceDate "2024.03.31"]
[SourceVersion "1"]
[SourceVersionDate "2024.03.31"]
[SourceQuality "1"]

1. Nf3 c5 2. e4 Nc6 3. d4 cxd4 4. Nxd4 g6 5. c4 Bg7 6. Be3 d6 7. Nc3 Nf6 8. Be2 0-0 9. 0-0 Bd7 10. Rc1 Rc8 11. f3 Nxd4 12. Bxd4 Be6 13. b3 a6 14. Qd2 Nd7 15. Be3 Qc7 16. f4 f6 17. Nd5 Qd8 18. Qb4 Nc5 19. Rfd1 a5 20. Qe1 f5 21. e5 Qe8 22. Bf3 dxe5 23. fxe5 Ne4 24. Qxa5 Ra8 25. Qc7 Bxd5 26. Rxd5 Rxa2 27. Rd7 f4 28. Rxe7 Qxe7 29. Qxe7 fxe3 30. Bxe4 e2 31. Bd5+ Kh8 32. h4 Bh6 33. Re1 Be3+ 34. Kh2 Rf1 35. Bf3 Bf4+ 36. Kh3 Rh1+ 37. Rxh1 1-0

[Event "Titled Tuesday intern op 06th Feb Early"]
[Site "Chess.com INT"]
[Date "2024.02.06"]
[Round "5"]
[White "Bilciu, Claudia"]
[Black "Diaz, Fernando"]
[Result "1-0"]
[WhiteElo "2077"]
[BlackElo "2086"]
[PlyCount "83"]
[EventDate "2024.02.06"]
[EventType "swiss (blitz)"]
[EventRounds "11"]
[EventCountry "USA"]
[SourceTitle "CBM 218 Extra"]
[Source "ChessBase"]
[SourceDate "2024.03.31"]
[SourceVersion "1"]
[SourceVersionDate "2024.03.31"]
[SourceQuality "1"]

1. d4 e5 2. dxe5 d6 3. Nc3 Nc6 4. Nf3 Bg4 5. Bg5 f6 6. exf6 gxf6 7. Bf4 Qd7 8. e3 0-0-0 9. Be2 Nge7 10. Qd2 Bg7 11. h3 Be6 12. Nd4 Nxd4 13. exd4 Nc6 14. d5 Rhe8 15. dxe6 Rxe6 16. 0-0-0 Rde8 17. Bf3 Nb4 18. a3 Na6 19. Bg4 Nc5 20. Rhe1 Kb8 21. Bxe6 Nxe6 22. Nd5 f5 23. c3 Qb5 24. Kb1 Nc5 25. Rxe8+ Qxe8 26. f3 Qa4 27. Nxc7 Bxc3 28. Qxc3 Qxd1+ 29. Ka2 Kxc7 30. Qxc5+ Kd7 31. Qc4 d5 32. Qb5+ Ke6 33. Qe8+ Kf6 34. Qe5+ Kg6 35. Qe6+ Kg7 36. Be5+ Kf8 37. Qxf5+ Ke8 38. Qe6+ Kf8 39. Qc8+ Kf7 40. Qd7+ Kg6 41. g4 h5 42. Qg7# 1-0

[Event "Titled Tuesday intern op 06th Feb Early"]
[Site "Chess.com INT"]
[Date "2024.02.06"]
[Round "3"]
[White "Bilciu, Claudia"]
[Black "Lehtosaari, Mauri"]
[Result "0-1"]
[WhiteElo "2077"]
[BlackElo "2142"]
[PlyCount "68"]
[EventDate "2024.02.06"]
[EventType "swiss (blitz)"]
[EventRounds "11"]
[EventCountry "USA"]
[SourceTitle "CBM 218 Extra"]
[Source "ChessBase"]
[SourceDate "2024.03.31"]
[SourceVersion "1"]
[SourceVersionDate "2024.03.31"]
[SourceQuality "1"]

1. d4 d5 2. Bf4 Nf6 3. e3 e6 4. Nd2 c5 5. c3 Bd6 6. Bg3 Nc6 7. Ngf3 0-0 8. Bd3 Re8 9. Ne5 Qc7 10. f4 Ne7 11. Qb1 Nf5 12. Bf2 Bxe5 13. fxe5 Ng4 14. Nf1 Nxf2 15. Kxf2 f6 16. g4 fxe5 17. gxf5 e4 18. Bxe4 dxe4 19. Qxe4 Bd7 20. Rg1 exf5 21. Qd5+ Be6 22. Qxc5 Qxc5 23. dxc5 Rad8 24. Re1 Rd5 25. b4 Rd3 26. Rc1 Bxa2 27. Ra1 Bd5 28. Rxa7 Rxc3 29. Ra1 Rc2+ 30. Kg3 Rb2 31. Kf4 g6 32. Ng3 Rxb4+ 33. Kg5 Kg7 34. Rad1 h6# 0-1

[Event "Titled Tuesday intern op 06th Feb Early"]
[Site "Chess.com INT"]
[Date "2024.02.06"]
[Round "8"]
[White "Bilciu, Claudia"]
[Black "Pujari, Rucha"]
[Result "0-1"]
[WhiteElo "2077"]
[BlackElo "2071"]
[PlyCount "62"]
[EventDate "2024.02.06"]
[EventType "swiss (blitz)"]
[EventRounds "11"]
[EventCountry "USA"]
[SourceTitle "CBM 218 Extra"]
[Source "ChessBase"]
[SourceDate "2024.03.31"]
[SourceVersion "1"]
[SourceVersionDate "2024.03.31"]
[SourceQuality "1"]

1. d4 d5 2. Bf4 Nf6 3. e3 e6 4. Nd2 Bd6 5. Bg3 0-0 6. Ngf3 c5 7. c3 Nc6 8. Bd3 b6 9. Ne5 Bb7 10. f4 Qc7 11. Bh4 Be7 12. Qf3 Rae8 13. g4 Nd7 14. Bxe7 Nxe7 15. Qh3 f5 16. gxf5 Nxf5 17. Ndf3 Nf6 18. 0-0-0 Nxe3 19. Ng5 Nf5 20. Nxe6 Rxe6 21. Bxf5 Re7 22. Kb1 Bc8 23. Bxc8 Rxc8 24. Rc1 Ne4 25. Qe3 a5 26. Rhg1 a4 27. a3 Qd6 28. f5 Qf6 29. Qf4 Rf8 30. Rcf1 b5 31. dxc5 Rxe5 0-1

[Event "Titled Tuesday intern op 06th Feb Early"]
[Site "Chess.com INT"]
[Date "2024.02.06"]
[Round "10"]
[White "Cubas, Jose Fernando"]
[Black "Bilciu, Claudia"]
[Result "0-1"]
[WhiteElo "2427"]
[BlackElo "2077"]
[PlyCount "158"]
[EventDate "2024.02.06"]
[EventType "swiss (blitz)"]
[EventRounds "11"]
[EventCountry "USA"]
[SourceTitle "CBM 218 Extra"]
[Source "ChessBase"]
[SourceDate "2024.03.31"]
[SourceVersion "1"]
[SourceVersionDate "2024.03.31"]
[SourceQuality "1"]

1. b3 e5 2. Bb2 Nc6 3. e3 Nf6 4. Bb5 Bd6 5. Nf3 Qe7 6. d4 e4 7. Nh4 g6 8. c4 Bb4+ 9. Nd2 a6 10. Ba4 d5 11. g3 Bd7 12. a3 Bxd2+ 13. Qxd2 Nb8 14. Bxd7+ Nbxd7 15. a4 Qe6 16. Ba3 dxc4 17. bxc4 Qxc4 18. a5 Qd3 19. Qb2 Nd5 20. Rb1 Rb8 21. Ng2 Qc3+ 22. Qxc3 Nxc3 23. Rc1 Nb5 24. Nf4 Nxa3 25. Rxc7 Nf6 26. Ke2 Nb5 27. Rc5 0-0 28. Rhc1 Rfd8 29. g4 h6 30. g5 hxg5 31. Rxg5 Kg7 32. Rcg1 Rh8 33. h3 Rbc8 34. Re5 Rc7 35. f3 Nc3+ 36. Kf2 exf3 37. Kxf3 Nb5 38. d5 Rd7 39. e4 Nd6 40. Re1 Rc8 41. Rg5 Rc3+ 42. Kg2 Ndxe4 43. Re5 Rc2+ 44. Kf3 Nd6 45. Nd3 Nf5 46. Nf4 Rc3+ 47. Kg2 Rc5 48. Ne6+ fxe6 49. dxe6 Re7 50. Rxc5 Ne8 51. Rce5 Kf6 52. R1e2 Ned6 53. Re1 Ne8 54. Kh2 Neg7 55. R5e2 Rxe6 56. Rxe6+ Nxe6 57. Rb1 Nd6 58. Rb6 Ke5 59. h4 Kd5 60. Kh3 Nd4 61. Rb1 N4f5 62. Rd1+ Kc6 63. Kg4 Kb5 64. Kg5 Kxa5 65. Kxg6 Nxh4+ 66. Kg5 Nhf5 67. Kf4 b5 68. Ke5 b4 69. Ra1+ Kb5 70. Kd5 a5 71. Rb1 a4 72. Rc1 b3 73. Rc5+ Kb4 74. Rc7 b2 75. Rc1 bxc1Q 76. Ke6 Qc4+ 77. Kd7 Nb5 78. Kd8 Qf7 79. Kc8 Qc7# 0-1

[Event "Titled Tuesday intern op 23rd Jan Early"]
[Site "Chess.com INT"]
[Date "2024.01.23"]
[Round "3"]
[White "Bilciu, Claudia"]
[Black "Kanyamarala, Tarun"]
[Result "0-1"]
[WhiteElo "2077"]
[BlackElo "2284"]
[PlyCount "70"]
[EventDate "2024.01.23"]
[EventType "swiss (blitz)"]
[EventRounds "11"]
[EventCountry "USA"]
[SourceTitle "EXT 2025"]
[Source "ChessBase"]
[SourceDate "2024.10.14"]
[SourceVersion "1"]
[SourceVersionDate "2024.10.14"]
[SourceQuality "1"]

1. d4 f5 2. Bf4 Nf6 3. e3 e6 4. Nd2 Be7 5. Ngf3 d6 6. h3 0-0 7. Bd3 Nc6 8. g4 Nb4 9. Be2 Ne4 10. gxf5 exf5 11. Bc4+ d5 12. Bd3 Be6 13. a3 Nc6 14. c4 Kh8 15. Rg1 Bd6 16. Bxd6 cxd6 17. cxd5 Bxd5 18. Bc4 Ne7 19. Bxd5 Nxd5 20. Qb3 Qa5 21. Qxb7 g6 22. b4 Qc7 23. Qxd5 Qc3 24. Qa2 Rae8 25. Rb1 f4 26. Qb3 fxe3 27. fxe3 Qc6 28. Qd3 Nxd2 29. Nxd2 Re7 30. Kd1 Qe8 31. e4 Ref7 32. Kc2 Qa4+ 33. Kb2 Rb7 34. Qc2 Qe8 35. Rbc1 a5 0-1

[Event "Titled Tuesday intern op 23rd Jan Early"]
[Site "Chess.com INT"]
[Date "2024.01.23"]
[Round "6"]
[White "Bilciu, Claudia"]
[Black "Porozhniak, Maya"]
[Result "0-1"]
[WhiteElo "2077"]
[BlackElo "1863"]
[PlyCount "94"]
[EventDate "2024.01.23"]
[EventType "swiss (blitz)"]
[EventRounds "11"]
[EventCountry "USA"]
[SourceTitle "EXT 2025"]
[Source "ChessBase"]
[SourceDate "2024.10.14"]
[SourceVersion "1"]
[SourceVersionDate "2024.10.14"]
[SourceQuality "1"]

1. d4 c5 2. d5 g6 3. Nc3 Bg7 4. Nf3 d6 5. e4 Bg4 6. h3 Bxf3 7. Qxf3 a6 8. a4 b6 9. Bc4 Nd7 10. Qe2 Qc8 11. 0-0 Ngf6 12. f4 0-0 13. Bd2 Ne8 14. Rae1 Nc7 15. Kh1 Rb8 16. b3 b5 17. axb5 axb5 18. Nxb5 Nxb5 19. Bxb5 Nf6 20. Bc6 Nh5 21. Kh2 e6 22. Qg4 Nf6 23. Qf3 exd5 24. exd5 Qa6 25. Bc3 Rbc8 26. Re7 Nh5 27. Bxg7 Nxg7 28. Bb7 Qa7 29. Rfe1 Rb8 30. Bc6 Qa5 31. g4 Rb4 32. R1e2 Qa1 33. f5 Qf6 34. R7e3 gxf5 35. gxf5 Qxf5 36. Qxf5 Nxf5 37. Re8 Rxe8 38. Rxe8+ Kg7 39. Bd7 Nh4 40. Kg3 Ng6 41. Rd8 Rd4 42. Bc6 Ne7 43. Rxd6 Nf5+ 44. Kf3 Nxd6 45. Ke3 Rh4 46. c3 Rxh3+ 47. Kd2 Ne4+ 0-1

[Event "Titled Tuesday intern op 23rd Jan Early"]
[Site "Chess.com INT"]
[Date "2024.01.23"]
[Round "7"]
[White "Sava, Ana Maria"]
[Black "Bilciu, Claudia"]
[Result "0-1"]
[WhiteElo "1916"]
[BlackElo "2077"]
[PlyCount "42"]
[EventDate "2024.01.23"]
[EventType "swiss (blitz)"]
[EventRounds "11"]
[EventCountry "USA"]
[SourceTitle "EXT 2025"]
[Source "ChessBase"]
[SourceDate "2024.10.14"]
[SourceVersion "1"]
[SourceVersionDate "2024.10.14"]
[SourceQuality "1"]

1. e4 c5 2. Nf3 Nc6 3. d4 cxd4 4. Nxd4 Nf6 5. Nc3 d6 6. Be2 e5 7. Nb3 Be6 8. Bg5 Be7 9. Bxf6 Bxf6 10. Nd5 Bg5 11. 0-0 0-0 12. Kh1 a6 13. a4 Kh8 14. Qd3 f5 15. exf5 Bxf5 16. Qc3 Rc8 17. Qg3 Bh4 18. Qe3 Bxc2 19. Bg4 Bg5 20. Qh3 Ra8 21. Bf5 Bxf5 0-1

[Event "Titled Tuesday intern op 09th Jan Early"]
[Site "Chess.com INT"]
[Date "2024.01.09"]
[Round "6"]
[White "Bilciu, Claudia"]
[Black "Mrudul, Dehankar"]
[Result "0-1"]
[WhiteElo "2077"]
[BlackElo "1968"]
[PlyCount "52"]
[EventDate "2024.01.09"]
[EventType "swiss (blitz)"]
[EventRounds "11"]
[EventCountry "USA"]
[SourceTitle "CBM 218 Extra"]
[Source "ChessBase"]
[SourceDate "2024.03.31"]
[SourceVersion "1"]
[SourceVersionDate "2024.03.31"]
[SourceQuality "1"]

1. d4 Nf6 2. Bf4 e6 3. e3 b6 4. Nf3 Bb7 5. Nbd2 Be7 6. h3 0-0 7. Bd3 c5 8. c3 d6 9. 0-0 Nbd7 10. e4 cxd4 11. cxd4 a6 12. Rc1 b5 13. Qe2 Re8 14. Bh2 Bf8 15. Rc2 e5 16. dxe5 dxe5 17. Rfc1 Qb6 18. Nb3 Rad8 19. Rc7 Bd6 20. R7c2 Nh5 21. Ng5 Nf4 22. Bxf4 exf4 23. Qh5 Nf6 24. Qxf7+ Kh8 25. Ne6 Rd7 26. Qxe8+ Nxe8 0-1

[Event "Titled Tuesday intern op 09th Jan Early"]
[Site "Chess.com INT"]
[Date "2024.01.09"]
[Round "9"]
[White "Bilciu, Claudia"]
[Black "Saim, Mohamed Ilias"]
[Result "1-0"]
[WhiteElo "2077"]
[BlackElo "2169"]
[PlyCount "69"]
[EventDate "2024.01.09"]
[EventType "swiss (blitz)"]
[EventRounds "11"]
[EventCountry "USA"]
[SourceTitle "CBM 218 Extra"]
[Source "ChessBase"]
[SourceDate "2024.03.31"]
[SourceVersion "1"]
[SourceVersionDate "2024.03.31"]
[SourceQuality "1"]

1. d4 d5 2. Bf4 Nf6 3. e3 c5 4. c3 Nc6 5. Nd2 Qb6 6. Qb3 c4 7. Qc2 g6 8. e4 Nxe4 9. Nxe4 dxe4 10. Bxc4 f5 11. Ne2 Bg7 12. h4 e5 13. dxe5 Nxe5 14. Bxe5 Bxe5 15. h5 Be6 16. Qa4+ Bd7 17. Qc2 0-0-0 18. hxg6 hxg6 19. 0-0-0 Qxf2 20. Rxh8 Bxh8 21. Qb3 Bc6 22. Rxd8+ Kxd8 23. Qb4 Be5 24. Qf8+ Kd7 25. Qf7+ Kd8 26. Qf8+ Kd7 27. Qf7+ Kd8 28. Qg8+ Kd7 29. Qe6+ Kd8 30. Qxe5 Qe3+ 31. Kc2 f4 32. Qd6+ Ke8 33. Qxf4 Qf2 34. Qxf2 e3 35. Qxe3+ 1-0

[Event "Centrocoop Sept op"]
[Site "Eforie Nord"]
[Date "1999.09.??"]
[Round "?"]
[White "Sandu, Marius Stefan"]
[Black "Bilciu, Claudia"]
[Result "1-0"]
[WhiteElo "2275"]
[BlackElo "2075"]
[PlyCount "65"]
[EventDate "1999.09.??"]
[EventType "swiss"]
[EventRounds "11"]
[EventCountry "ROU"]
[SourceTitle "EXT 2004"]
[Source "ChessBase"]
[SourceDate "2003.11.25"]
[SourceVersion "1"]
[SourceVersionDate "2003.11.25"]
[SourceQuality "1"]

1. e4 e5 2. Nf3 Nf6 3. Nxe5 d6 4. Nf3 Nxe4 5. d4 d5 6. Bd3 Bg4 7. c4 Bb4+ 8. Nbd2 0-0 9. Qb3 Bxf3 10. gxf3 Bxd2+ 11. Bxd2 Nxd2 12. Kxd2 Nc6 13. cxd5 Nxd4 14. Qc4 Nxf3+ 15. Kc2 Qf6 16. Rad1 Rfe8 17. Kb1 Rac8 18. Bc2 a6 19. a3 Ne5 20. Qd4 Nd7 21. Qd3 g6 22. h4 Qxf2 23. h5 Re3 24. Qd4 Ne5 25. Rhe1 Qxe1 26. Rxe1 Rxe1+ 27. Ka2 Re8 28. Qc3 Rh1 29. Qxc7 Rh2 30. d6 Rd2 31. Qe7 Rc8 32. Qxe5 Rcxc2 33. d7 1-0

[Event "ROM-ch sf (Women)"]
[Site "Baile Tusnad"]
[Date "1999.??.??"]
[Round "8"]
[White "Bilciu, Claudia"]
[Black "Sandu, Mihaela"]
[Result "1-0"]
[WhiteElo "2069"]
[BlackElo "2134"]
[PlyCount "87"]
[EventDate "1999.09.??"]
[EventType "swiss"]
[EventRounds "9"]
[EventCountry "ROU"]
[SourceTitle "EXT 2000"]
[Source "ChessBase"]
[SourceDate "1999.11.16"]
[SourceVersion "1"]
[SourceVersionDate "1999.11.16"]
[SourceQuality "1"]

1. d4 Nf6 2. c4 g6 3. Nc3 Bg7 4. e4 d6 5. h3 0-0 6. Bd3 Nbd7 7. Nf3 c5 8. d5 a6 9. a4 b6 10. 0-0 Ne8 11. Be3 Rb8 12. Qd2 Nc7 13. Bh6 e6 14. Bxg7 Kxg7 15. dxe6 fxe6 16. Nh2 Qh4 17. f4 Nf6 18. Nf3 Qh6 19. Ng5 Nh5 20. Ne2 Bb7 21. e5 dxe5 22. Qc3 Kg8 23. Qxe5 Qg7 24. g4 Nf6 25. Ng3 Rbe8 26. N5e4 Rd8 27. Nxf6+ Qxf6 28. Qxf6 Rxf6 29. Rad1 Rdf8 30. f5 exf5 31. gxf5 gxf5 32. Bxf5 R6f7 33. Rd6 Rg7 34. Kh2 h5 35. h4 Re8 36. Rxb6 Ba8 37. Bg6 Rd8 38. Rf2 Re7 39. Nf5 Red7 40. Nh6+ Kg7 41. Nf5+ Kg8 42. Rf6 Ne8 43. Rxa6 Nd6 44. Rd2 1-0

[Event "ROM-ch sf (Women)"]
[Site "Baile Tusnad"]
[Date "1999.??.??"]
[Round "1"]
[White "Ionica, Iulia Ionela"]
[Black "Bilciu, Claudia"]
[Result "1-0"]
[WhiteElo "2211"]
[BlackElo "2069"]
[PlyCount "113"]
[EventDate "1999.09.??"]
[EventType "swiss"]
[EventRounds "9"]
[EventCountry "ROU"]
[SourceTitle "EXT 2000"]
[Source "ChessBase"]
[SourceDate "1999.11.16"]
[SourceVersion "1"]
[SourceVersionDate "1999.11.16"]
[SourceQuality "1"]

1. e4 e5 2. Nf3 Nc6 3. Bc4 Nf6 4. d3 Be7 5. 0-0 d6 6. Bb3 0-0 7. c3 Bg4 8. Re1 Nd7 9. h3 Bh5 10. Nbd2 Nc5 11. Bc2 Ne6 12. Nf1 Bg5 13. Ng3 Bxc1 14. Rxc1 Bxf3 15. Qxf3 Nf4 16. Kh2 Qg5 17. Rcd1 Rad8 18. d4 g6 19. Nf1 exd4 20. cxd4 Ne6 21. Qc3 Ncxd4 22. g3 Qc5 23. Qxc5 dxc5 24. Ne3 Nf3+ 25. Kg2 Nxe1+ 26. Rxe1 Nd4 27. Bb1 c6 28. Ng4 f5 29. Ne5 Rfe8 30. f4 fxe4 31. Bxe4 Nf5 32. Re2 Kg7 33. Bxf5 gxf5 34. Rc2 Rd5 35. Kf3 Red8 36. Rc3 Re8 37. Ra3 a6 38. Rb3 Re7 39. g4 Kf6 40. g5+ Kg7 41. h4 Rd2 42. h5 h6 43. Ng6 Red7 44. Ne5 Rc7 45. Kg3 b5 46. Nf3 c4 47. Re3 Rd3 48. Re6 hxg5 49. fxg5 b4 50. Kf4 c3 51. bxc3 bxc3 52. Rg6+ Kh8 53. Rh6+ Rh7 54. Rxc6 Rxh5 55. Ne5 Rd2 56. Kxf5 c2 57. Kf6 1-0

[Event "ROM-ch (Women)"]
[Site "Sovata"]
[Date "1998.12.14"]
[Round "10"]
[White "Jicman, Ligia Letitia"]
[Black "Bilciu, Claudia"]
[Result "1-0"]
[WhiteElo "2215"]
[BlackElo "2095"]
[PlyCount "79"]
[EventDate "1998.12.04"]
[EventType "tourn"]
[EventRounds "13"]
[EventCountry "ROU"]
[SourceTitle "EXT 2000"]
[Source "ChessBase"]
[SourceDate "1999.11.16"]
[SourceVersion "1"]
[SourceVersionDate "1999.11.16"]
[SourceQuality "1"]

1. e4 e5 2. Nf3 Nc6 3. Bb5 a6 4. Ba4 d6 5. Bxc6+ bxc6 6. d4 f6 7. Be3 Ne7 8. Nc3 Ng6 9. h4 h5 10. Qe2 Be6 11. 0-0-0 Qb8 12. Ne1 Qb4 13. Qd2 Rb8 14. b3 exd4 15. Qxd4 Qa3+ 16. Kb1 c5 17. Qa4+ Qxa4 18. Nxa4 c4 19. Nc3 f5 20. Nf3 f4 21. Bc1 Bg4 22. Nd5 c6 23. Nxf4 Ne5 24. Nxe5 Bxd1 25. Neg6 Bxc2+ 26. Kxc2 cxb3+ 27. axb3 Rh7 28. Ba3 c5 29. Rd1 Rh6 30. f3 Be7 31. Rd5 Kf7 32. Nxe7 Kxe7 33. Nxh5 Kf7 34. Bb2 g6 35. Ng3 Rb6 36. h5 gxh5 37. Nxh5 Rg6 38. g4 Rb8 39. Rf5+ Ke6 40. Nf4+ 1-0

[Event "ROM-ch (Women)"]
[Site "Sovata"]
[Date "1998.12.05"]
[Round "2"]
[White "Bilciu, Claudia"]
[Black "Hamdouchi, Adina Maria"]
[Result "0-1"]
[WhiteElo "2095"]
[BlackElo "2145"]
[PlyCount "91"]
[EventDate "1998.12.04"]
[EventType "tourn"]
[EventRounds "13"]
[EventCountry "ROU"]
[SourceTitle "EXT 2000"]
[Source "ChessBase"]
[SourceDate "1999.11.16"]
[SourceVersion "1"]
[SourceVersionDate "1999.11.16"]
[SourceQuality "1"]

1. d4 g6 2. e4 Bg7 3. f4 d5 4. e5 h5 5. Nf3 Nh6 6. c4 Bg4 7. Nc3 dxc4 8. Bxc4 0-0 9. 0-0 Nf5 10. d5 c6 11. h3 Bxf3 12. Qxf3 cxd5 13. Bxd5 Nc6 14. Be3 Nxe3 15. Qxe3 Qb6 16. Qxb6 axb6 17. Ne4 Rfd8 18. Rad1 Bf8 19. a3 Kg7 20. g4 hxg4 21. hxg4 e6 22. Bxc6 bxc6 23. Kf2 Rd5 24. Nc3 Bc5+ 25. Ke2 Rd4 26. Rxd4 Bxd4 27. Rc1 g5 28. Kf3 gxf4 29. Kxf4 Ra5 30. Ke4 c5 31. Rc2 Kg6 32. Nb1 Bg1 33. b3 b5 34. Rg2 Bd4 35. Rc2 Kg5 36. Rg2 Ra8 37. b4 Ra4 38. Nd2 Bc3 39. Kd3 Bxd2 40. Kxd2 Rxa3 41. Rg1 cxb4 42. Rf1 Ra7 43. Rb1 Rd7+ 44. Ke3 Rd5 45. Ke4 Rc5 46. Kd3 0-1

[Event "Centrocoop Sept op-B"]
[Site "Eforie Nord"]
[Date "1998.??.??"]
[Round "?"]
[White "Susterman, Bela"]
[Black "Bilciu, Claudia"]
[Result "1-0"]
[WhiteElo "2015"]
[BlackElo "2095"]
[PlyCount "81"]
[EventDate "1998.09.??"]
[EventType "swiss"]
[EventRounds "11"]
[EventCountry "ROU"]
[SourceTitle "EXT 2000"]
[Source "ChessBase"]
[SourceDate "1999.11.16"]
[SourceVersion "1"]
[SourceVersionDate "1999.11.16"]
[SourceQuality "1"]

1. e4 e5 2. Nf3 Nc6 3. Bb5 a6 4. Ba4 d6 5. d3 Bd7 6. c3 Nge7 7. Bb3 h6 8. 0-0 Ng6 9. Re1 Be7 10. Nbd2 Nf4 11. Nf1 g5 12. Bxf4 gxf4 13. d4 Bg4 14. Qd3 Bf6 15. N1d2 Qe7 16. Bd5 Nd8 17. b4 0-0 18. h3 Bd7 19. Bb3 Ne6 20. Kh2 Kh8 21. dxe5 dxe5 22. Nc4 Bb5 23. a4 Rad8 24. Qe2 Bxc4 25. Bxc4 Ng5 26. Rad1 Nxf3+ 27. Qxf3 Bh4 28. g3 fxg3+ 29. fxg3 Bg5 30. h4 Bd2 31. Re2 Bf4 32. Rxd8 Qxh4+ 33. Kg2 Qxd8 34. gxf4 Qh4 35. Kf1 Rg8 36. Rg2 Qh1+ 37. Kf2 Qh4+ 38. Ke2 Rxg2+ 39. Qxg2 Qxf4 40. Qh3 Qh2+ 41. Kf1 1-0